| 000 | 01049cad a22002055a 4500 | ||
|---|---|---|---|
| 001 | L157051 | ||
| 008 | 120821s2012 xxk f 000 0 eng d | ||
| 035 | _a(Sirsi) u157051 | ||
| 041 | 0 | _aeng | |
| 110 | 2 |
_aPolicy Exchange _95443 |
|
| 245 | 0 | 0 |
_aEnding expensive social tenancies _bfairness, higher growth and more homes _h[electronic resource] |
| 260 |
_aLondon _bPolicy Exchange _c2012 |
||
| 520 | _aPolicy Exchange think tank argues councils should sell off their most expensive houses to build more cheap homes. This would raise £4.5bn a year and future rents could be borrowed against new homes which could raise another £1.5bn. This could help 80 000 new homes to be built with a net gain of 50 000 social homes a year. | ||
| 590 | _aKA NTK | ||
| 651 | 4 |
_aEngland _y886- |
|
| 690 |
_aAffordable housing _96215 |
||
| 690 |
_aResidential property _96266 |
||
| 856 | 4 | 0 |
_uhttps://www.policyexchange.org.uk/images/publications/ending%20expensive%20social%20tenancies.pdf _zView the item free of charge at www.policyexchange.org.uk |
| 942 | _n0 | ||
| 999 |
_c114559 _d114559 |
||